BIBLIOTECA PODER JUDICIAL
Portal Judicial TDF

Contratación electrónica. A propósito del servicio de telefonía móvil / (Registro nro. 5639)

000 -LEADER
fixed length control field 01232nab a22002417a 4500
003 - CONTROL NUMBER IDENTIFIER
control field OSt
005 - DATE AND TIME OF LATEST TRANSACTION
control field 20251226212011.0
008 - FIXED-LENGTH DATA ELEMENTS--GENERAL INFORMATION
fixed length control field 190603e xxum|||| |||| 00| 0 spa d
040 ## - CATALOGING SOURCE
Transcribing agency PJ
100 ## - MAIN ENTRY--PERSONAL NAME
9 (RLIN) 5441
Personal name Negri, Nicolás Jorge
245 10 - TITLE STATEMENT
Title Contratación electrónica. A propósito del servicio de telefonía móvil /
Statement of responsibility, etc Nicolás J. Negri.
260 ## - PUBLICATION, DISTRIBUTION, ETC. (IMPRINT)
Date of publication, distribution, etc Ciudad Autónoma de Buenos Aires :
Place of publication, distribution, etc Thomson Reuters La Ley,
Name of publisher, distributor, etc 2025.
300 ## - PHYSICAL DESCRIPTION
Extent p. 21-38
500 ## - GENERAL NOTE
General note Cita: TR LALEY AR/DOC/1053/2025 <br/>Publicado en: RCCyC 2025 (junio) , 21.
505 ## - FORMATTED CONTENTS NOTE
Formatted contents note Sumario: I. Preludio.— II. El fin declamado y los motivos subyacentes.— III. Variaciones del tema: la especificidad del contrato electrónico de telefonía celular.— IV. El contrato de servicio de telefonía móvil.— V. Conclusión.
505 ## - FORMATTED CONTENTS NOTE
Title ¿Te interesa el texto completo? Solicitalo al correo: koha@justierradelfuego.gov.ar
650 #0 - SUBJECT ADDED ENTRY--TOPICAL TERM
9 (RLIN) 1497
Topical term or geographic name as entry element CODIGO CIVIL Y COMERCIAL
650 #0 - SUBJECT ADDED ENTRY--TOPICAL TERM
9 (RLIN) 286
Topical term or geographic name as entry element COMERCIO ELECTRONICO
650 #0 - SUBJECT ADDED ENTRY--TOPICAL TERM
9 (RLIN) 4552
Topical term or geographic name as entry element RELACION DE CONSUMO
650 #0 - SUBJECT ADDED ENTRY--TOPICAL TERM
9 (RLIN) 1606
Topical term or geographic name as entry element CONTRATO DE ADHESION
773 0# - HOST ITEM ENTRY
Host Biblionumber 2713
Host Itemnumber 3170
Place, publisher, and date of publication Ciudad Autónoma de Buenos Aires : Thomson Reuters La Ley, 2015-
Title Revista Código Civil y Comercial. Nº 3 - Junio 2025
942 ## - ADDED ENTRY ELEMENTS (KOHA)
Source of classification or shelving scheme
Koha item type Analítica Artículo de Revista

No hay ítems disponibles.

12 de Octubre 789 Ushuaia - Tel:  54(02901)441571
Horario de Atención: 8.00 a 17.00 hs. 
bibliotecaush@justierradelfuego.gov.ar
koha@justierradelfuego.gov.ar
Seguinos en nuestras redes @bibliojustdf 

Con tecnología Koha